[Event "Open SSM Settembre"]
[Site "Milano ITA"]
[Date "2015.09.13"]
[Round "5"]
[White "Calabrese, Maurizio"]
[Black "Miracola, Giuseppe"]
[WhiteElo "1462"]
[BlackElo "1179"]
[Result "1-0"]
[PlyCount "89"]
[EventDate "2015.10.15"]

1. d4 e6 2. g3 d5 3. Nf3 c5 4. Bg2 Nc6 5. c4 Nf6 6. Nc3 Be7 7. cxd5 exd5 8.
dxc5 Be6 9. b4 Nxb4 10. Qa4+ Nc6 11. Nd4 O-O 12. O-O Qd7 13. Rd1 Bxc5 14. Nxc6
bxc6 15. Qh4 Be7 16. Qa4 Rfd8 17. e4 Qc8 18. Ba3 Bxa3 19. Qxa3 d4 20. Ne2 Bg4
21. f3 Bh3 22. Rxd4 Rxd4 23. Nxd4 Bxg2 24. Kxg2 c5 25. Nf5 Qc7 26. Rd1 g6 27.
Nd6 Kg7 28. e5 Ne8 29. Qc3 Kf8 30. Re1 Ke7 31. Qd2 Rd8 32. Qh6 Kd7 33. Nxf7 Rb8
34. Qxh7 Kc8 35. Qxg6 Rb2+ 36. Kg1 c4 37. Qe6+ Qd7 38. Qxc4+ Kb7 39. e6 Qd2 40.
Qe4+ Kb6 41. Qe3+ Kc6 42. Qxd2 Rxd2 43. Ng5 a5 44. f4 Kd6 45. Ne4+ 1-0

[Event "Open SSM Settembre"]
[Site "Milano ITA"]
[Date "2015.09.13"]
[Round "5"]
[White "Carli, Federico"]
[Black "Ceraulo, Carlo Alberto"]
[WhiteElo "1675"]
[BlackElo "1456"]
[Result "1-0"]
[PlyCount "59"]
[EventDate "2015.10.15"]

1. e4 c6 2. d4 d5 3. Nc3 dxe4 4. Nxe4 Bf5 5. Ng3 Bg6 6. h4 h6 7. Nf3 Nd7 8. h5
Bh7 9. Bd3 Bxd3 10. Qxd3 Ngf6 11. Bd2 e6 12. O-O-O Bd6 13. Ne4 Nxe4 14. Qxe4
Qc7 15. g3 Nf6 16. Qe2 O-O-O 17. Kb1 Rhe8 18. Ne5 Kb8 19. Nc4 Bf8 20. Bf4 e5
21. Bxe5 Rxe5 22. dxe5 Nd5 23. f4 b5 24. Ne3 a6 25. Nxd5 Rxd5 26. Rxd5 cxd5 27.
Rd1 Qb6 28. Qd3 d4 29. Qxd4 Bc5 30. Qd8+ 1-0

[Event "Open SSM Settembre"]
[Site "Milano ITA"]
[Date "2015.09.13"]
[Round "5"]
[White "Fantina, Carla"]
[Black "Mazzoccoli, Simone"]
[WhiteElo "1328"]
[BlackElo "1804"]
[Result "0-1"]
[PlyCount "98"]
[EventDate "2015.10.15"]

1. c4 g6 2. g3 Bg7 3. Bg2 e5 4. e4 d6 5. Nf3 Nc6 6. O-O Nge7 7. d3 O-O 8. Nc3
Bd7 9. h3 Qc8 10. Kh2 f5 11. Bg5 h6 12. Bxe7 Nxe7 13. Qb3 Kh7 14. h4 f4 15. Ne2
fxg3+ 16. fxg3 Bg4 17. Qd1 Rf6 18. Neg1 Qf8 19. Rc1 Kh8 20. Rc2 Nc6 21. Rcf2
Qe7 22. Qb3 Rb8 23. Qc2 Nb4 24. Qb3 Na6 25. Qa3 Ra8 26. b4 c5 27. b5 Nc7 28.
Qb3 b6 29. a4 Raf8 30. Qa2 a5 31. Qd2 Ne6 32. Qe3 Nd4 33. Nxd4 cxd4 34. Qd2 Kh7
35. Rxf6 Rxf6 36. Rf2 Rxf2 37. Qxf2 Qf6 38. Qxf6 Bxf6 39. Nf3 g5 40. hxg5 Bxg5
41. Kg1 Be3+ 42. Kh1 Bf2 43. Nh4 Be2 44. Nf5 Bxd3 45. Nxd6 Be2 46. Bh3 d3 47.
Bf5+ Kg7 48. Ne8+ Kf8 49. Nc7 d2 0-1

[Event "Open SSM Settembre"]
[Site "Milano ITA"]
[Date "2015.09.13"]
[Round "5"]
[White "Figini, Vittorio"]
[Black "Aloe, Giancarlo"]
[WhiteElo "1473"]
[BlackElo "1794"]
[Result "0-1"]
[PlyCount "90"]
[EventDate "2015.10.15"]

1. e4 c5 2. Nf3 e6 3. d4 cxd4 4. Nxd4 Nc6 5. c3 a6 6. Be3 Be7 7. Be2 Nf6 8. Nd2
O-O 9. O-O Qc7 10. Qc2 d5 11. Rad1 Bd7 12. f4 Bc5 13. Kh1 Bxd4 14. cxd4 dxe4
15. Nxe4 Nd5 16. Bc1 Rac8 17. Rf3 f5 18. Nc5 Nxd4 19. Rxd4 Qxc5 20. Rc4 Qe7 21.
Be3 Rxc4 22. Bxc4 Rc8 23. Qb3 Bc6 24. Rg3 b5 25. Be2 Qh4 26. Bd3 Kf7 27. Bf2
Qxf4 28. Rf3 Qc1+ 29. Bg1 g6 30. Be2 Nf4 31. Rf2 Bd5 32. Qd1 Qe3 33. Bf3 Rc1
34. Qd2 Qe1 35. Qxe1 Rxe1 36. Bxd5 Nxd5 37. Rc2 Kf6 38. h4 h6 39. Kh2 f4 40.
Bd4+ Kf5 41. Bg7 h5 42. Bd4 e5 43. Ba7 Nf6 44. Bb8 Ng4+ 45. Kh3 Rh1# 0-1

[Event "Open SSM Settembre"]
[Site "Milano ITA"]
[Date "2015.09.13"]
[Round "5"]
[White "Laico, Emanuele"]
[Black "Miracola, Giorgia"]
[WhiteElo "1778"]
[BlackElo "1867"]
[Result "1/2-1/2"]
[PlyCount "65"]
[EventDate "2015.10.15"]

1. d4 Nf6 2. c4 g6 3. g3 Bg7 4. Bg2 d5 5. cxd5 Nxd5 6. Nf3 O-O 7. O-O Nc6 8.
Nc3 Nb6 9. Qc2 Nxd4 10. Nxd4 Qxd4 11. Nb5 Qa4 12. Qxa4 Nxa4 13. Nxc7 Rb8 14.
Bf4 e5 15. Be3 b6 16. Nd5 Nxb2 17. Ne7+ Kh8 18. Nxc8 Rbxc8 19. Rac1 Nc4 20.
Rfd1 Nxe3 21. fxe3 Bh6 22. Kf2 f5 23. Bb7 Rxc1 24. Rxc1 Rf7 25. Rc8+ Kg7 26.
Bc6 Kf6 27. Bb5 Re7 28. Rc6+ Kf7 29. Bc4+ Ke8 30. Re6 Rxe6 31. Bxe6 Bg7 32. e4
Ke7 33. exf5 1/2-1/2

[Event "Open SSM Settembre"]
[Site "Milano ITA"]
[Date "2015.09.13"]
[Round "5"]
[White "Maccari, Piergiuseppe"]
[Black "Mazzariol, Oscar"]
[WhiteElo "1831"]
[BlackElo "2015"]
[Result "1/2-1/2"]
[PlyCount "64"]
[EventDate "2015.10.15"]

1. Nf3 Nf6 2. g3 Nc6 3. d4 e6 4. Bg2 Be7 5. O-O O-O 6. c4 d5 7. Nc3 Na5 8. cxd5
exd5 9. Ne5 Be6 10. Qa4 c6 11. b4 Nc4 12. Nxc4 b5 13. Qa6 bxc4 14. a3 Qb6 15.
Qxb6 axb6 16. Bg5 h6 17. Bf4 c5 18. bxc5 bxc5 19. Be5 cxd4 20. Bxd4 Ra5 21.
Rfd1 Rfa8 22. h3 Rb8 23. e3 Rb3 24. a4 Nd7 25. e4 dxe4 26. Nxe4 Ba3 27. Bf1
Rxa4 28. Nd2 Rbb4 29. Bc3 Rb8 30. Nxc4 Rb3 31. Rxa3 Raxa3 32. Nxa3 Rxc3 1/2-1/2

[Event "Open SSM Settembre"]
[Site "Milano ITA"]
[Date "2015.09.13"]
[Round "5"]
[White "Marchini, Daniele"]
[Black "Arena, Ignazio"]
[WhiteElo "1885"]
[BlackElo "1490"]
[Result "1-0"]
[PlyCount "51"]
[EventDate "2015.10.15"]

1. d4 Nf6 2. c4 e6 3. g3 d5 4. Bg2 Nbd7 5. Nf3 Be7 6. Bf4 c6 7. Nbd2 O-O 8. O-O
Re8 9. e3 Nf8 10. Ne5 h6 11. e4 N6d7 12. Nxd7 Bxd7 13. e5 Nh7 14. c5 Nf8 15.
Be3 Ng6 16. f4 f5 17. exf6 Bxf6 18. Nf3 Ne7 19. g4 Ng6 20. Qd3 Nh4 21. Nxh4
Bxh4 22. Qg6 Rf8 23. g5 hxg5 24. fxg5 Qe8 25. Rxf8+ Kxf8 26. Qh7 1-0

[Event "Open SSM Settembre"]
[Site "Milano ITA"]
[Date "2015.09.13"]
[Round "5"]
[White "Nikonov, Maxim"]
[Black "Tomarchio, Cono"]
[WhiteElo "1607"]
[BlackElo "1372"]
[Result "1-0"]
[PlyCount "85"]
[EventDate "2015.10.15"]

1. e4 e5 2. Nf3 Nc6 3. Bc4 h6 4. d4 d6 5. dxe5 dxe5 6. Qxd8+ Nxd8 7. Nxe5 Bd6
8. Nf3 Bg4 9. Nbd2 Be6 10. b3 Bb4 11. O-O Bxc4 12. Nxc4 Bc3 13. Bb2 Bxb2 14.
Nxb2 Ne7 15. Nc4 O-O 16. Rad1 Ndc6 17. Rd7 Rac8 18. Rfd1 Ng6 19. Nd4 Nb4 20. a3
Na6 21. Nb5 Nc5 22. Rxc7 Rxc7 23. Nxc7 Nxe4 24. f3 Nc3 25. Rd3 Ne2+ 26. Kf2
Nef4 27. Rd7 a6 28. a4 Rb8 29. Nd5 b5 30. axb5 axb5 31. Nxf4 Nxf4 32. Nd6 f6
33. Nf5 Re8 34. Rxg7+ Kh8 35. Rb7 Re2+ 36. Kg3 Nxg2 37. Nxh6 Rxc2 38. Ng4 Kg8
39. Nxf6+ Kf8 40. Rxb5 Ke7 41. Ng4 Ne1 42. Re5+ Kd8 43. Rxe1 1-0

[Event "Open SSM Settembre"]
[Site "Milano ITA"]
[Date "2015.09.13"]
[Round "5"]
[White "Pelizzola, Danilo"]
[Black "Crippa, Oscar"]
[WhiteElo "2041"]
[BlackElo "1686"]
[Result "1-0"]
[PlyCount "120"]
[EventDate "2015.10.15"]

1. e4 e6 2. d4 d5 3. Nc3 Nf6 4. Bg5 Bb4 5. e5 h6 6. Bd2 Bxc3 7. bxc3 Ne4 8. Nf3
c5 9. Bd3 Bd7 10. O-O Bc6 11. dxc5 Nxc5 12. Qe2 Nbd7 13. Be3 Qc7 14. Bd4 O-O
15. g4 Nxd3 16. cxd3 Qd8 17. Qe3 b6 18. h3 Qe7 19. Kh2 Bb5 20. Rg1 Nc5 21. Rad1
Rac8 22. g5 h5 23. g6 Kh8 24. Rg5 fxg6 25. Rxg6 Qf7 26. Rg3 Qf4 27. Qxf4 Rxf4
28. Ne1 Na4 29. Rb1 Ba6 30. Rb3 Nc5 31. Ra3 Rc6 32. Kg1 Rf7 33. Bxc5 bxc5 34.
Rg5 Rf5 35. Rxf5 exf5 36. f4 Rb6 37. Rb3 Kg8 38. Kf2 Kf7 39. Rxb6 axb6 40. h4
Ke6 41. d4 cxd4 42. cxd4 Bc4 43. a3 Bb3 44. Ke2 Ba4 45. Kd2 Kd7 46. Ng2 g6 47.
Kc3 Bd1 48. Ne3 Bf3 49. Nc2 Be2 50. Ne3 Ke6 51. Kd2 Bb5 52. Nd1 Kd7 53. Nc3 Bc6
54. Kc2 Kc7 55. Ne2 Bb5 56. Ng1 Bf1 57. Nf3 Kd7 58. Kc3 Ke7 59. Kb4 Be2 60. Ng5
Bf1 $138 1-0

[Event "Open SSM Settembre"]
[Site "Milano ITA"]
[Date "2015.09.13"]
[Round "5"]
[White "Vece, Luigi"]
[Black "Pirovano, Ezio"]
[WhiteElo "1554"]
[BlackElo "1463"]
[Result "1-0"]
[PlyCount "161"]
[EventDate "2015.10.15"]

1. e4 c5 2. Nf3 Nc6 3. d4 cxd4 4. Nxd4 Nf6 5. Nc3 d6 6. Be2 e6 7. O-O Be7 8.
Be3 O-O 9. Qd2 a6 10. f4 Nxd4 11. Qxd4 Re8 12. Na4 b5 13. Nb6 Rb8 14. a4 e5 15.
fxe5 dxe5 16. Qxd8 Bxd8 17. Nxc8 Rxc8 18. Bd3 Ng4 19. Bd2 Bb6+ 20. Kh1 Nf2+ 21.
Rxf2 Bxf2 22. axb5 axb5 23. Bxb5 Red8 24. Bd3 Ra8 25. Rf1 Bh4 26. Bc3 Bf6 27.
g3 Ra7 28. Kg2 Kf8 29. Rf5 Rb7 30. b3 Re8 31. g4 h6 32. Kg3 Rc7 33. Bb4+ Be7
34. Bd2 f6 35. g5 hxg5 36. Bxg5 Kg8 37. Bd2 Ra8 38. Bc4+ Kf8 39. Rh5 Ke8 40.
Rh8+ Bf8 41. Bb4 Re7 42. Bxe7 Kxe7 43. Rh3 Rd8 44. Bd3 Ra8 45. Kf3 Ra2 46. Rg3
Kd6 47. Rg1 Ke7 48. h4 Kd6 49. h5 Ra7 50. Kg4 Be7 51. Kf5 Bd8 52. Kg6 Rc7 53.
Ra1 Re7 54. h6 gxh6 55. Kxh6 Kc5 56. Ra6 Re8 57. Kg7 Re7+ 58. Kf8 Rc7 59. Ke8
Be7 60. Re6 Bd6 61. Rxf6 Re7+ 62. Kf8 Re6+ 63. Kf7 Rxf6+ 64. Kxf6 Kd4 65. Kf5
Bb4 66. Bc4 Bc3 67. Bd3 Bb4 68. Ke6 Bc5 69. Kd7 Bb4 70. Kc6 Kc3 71. Kd5 Ba5 72.
Kxe5 Bc7+ 73. Ke6 Kd4 74. Kf5 Bd6 75. Bc4 Kc3 76. e5 Bb4 77. e6 Kd4 78. Kg6 Kc3
79. Kf7 Kxc2 80. e7 Bxe7 81. Kxe7 1-0

[Event "Open SSM Settembre"]
[Site "Milano ITA"]
[Date "2015.09.13"]
[Round "5"]
[White "Vezzosi, Paolo"]
[Black "Mina, N. Mina"]
[WhiteElo "2353"]
[BlackElo "2166"]
[Result "1-0"]
[PlyCount "93"]
[EventDate "2015.10.15"]

1. Nf3 Nf6 2. c4 g6 3. Nc3 Bg7 4. e4 d6 5. d4 O-O 6. Be2 Na6 7. O-O e5 8. Be3
Ng4 9. Bg5 Qe8 10. dxe5 dxe5 11. Nd2 h6 12. Bh4 Nf6 13. f3 Nh5 14. Nb3 Be6 15.
a3 Nf4 16. Nd5 c6 17. Nb4 Nc7 18. Na5 Bc8 19. c5 Nce6 20. Rc1 Nd4 21. Bc4 g5
22. Bf2 Qd8 23. Nb3 a5 24. Nxd4 axb4 25. Nc2 bxa3 26. Nxa3 Qe7 27. Qc2 Rd8 28.
Rcd1 Be6 29. Be3 h5 30. g3 Bxc4 31. Nxc4 Ne6 32. Nd6 b5 33. Nf5 Qc7 34. b4 Ra3
35. Qc1 Rxd1 36. Rxd1 Rb3 37. Bxg5 Rxf3 38. Be3 Nd4 39. Bxd4 Rxf5 40. exf5 exd4
41. Qf4 Qe7 42. Kf2 Be5 43. Re1 f6 44. Qh6 d3 45. Qg6+ Kf8 46. Qxh5 Qd7 47.
Qh8+ 1-0

[Event "Open SSM Settembre"]
[Site "Milano ITA"]
[Date "2015.09.13"]
[Round "5"]
[White "Zaccheroni, Dario"]
[Black "Pasini, Nicolo'"]
[WhiteElo "1776"]
[BlackElo "1862"]
[Result "0-1"]
[PlyCount "72"]
[EventDate "2015.10.15"]

1. d4 Nf6 2. c4 g6 3. Nc3 d5 4. cxd5 Nxd5 5. e4 Nxc3 6. bxc3 Bg7 7. Bc4 c5 8.
Ne2 Nc6 9. Be3 O-O 10. O-O Na5 11. Bd3 b6 12. Rc1 e5 13. d5 f5 14. f4 fxe4 15.
Bxe4 Nc4 16. Bf2 Nd6 17. Bc2 exf4 18. Qd3 f3 19. Ng3 fxg2 20. Kxg2 c4 21. Qd2
Nf5 22. Be4 Bh6 23. Qe2 Bxc1 24. d6 Qxd6 25. Bxa8 Bh6 26. Rd1 Qf4 27. Bd5+ Kh8
28. Nxf5 Qxf5 29. Bd4+ Bg7 30. Bxg7+ Kxg7 31. Bxc4 Bb7+ 32. Kg3 Qf4+ 33. Kh3
Qf5+ 34. Kg3 Qg5+ 35. Kh3 Bc8+ 36. Be6 Bxe6+ 0-1

[Event "Open Integrale Autunno"]
[Site "Milano ITA"]
[Date "2015.09.15"]
[Round "1"]
[White "Arena, Ignazio"]
[Black "Ciciotti, Augusto"]
[WhiteElo "1490"]
[BlackElo "1846"]
[Result "1-0"]
[PlyCount "75"]
[EventDate "2015.09.15"]

1. d4 Nf6 2. c4 g6 3. Nc3 Bg7 4. e4 d6 5. Nf3 O-O 6. Be2 e5 7. O-O Nc6 8. d5
Ne7 9. h3 Nd7 10. Be3 a5 11. a3 f5 12. exf5 gxf5 13. Rc1 f4 14. Bd2 Nf5 15. b4
axb4 16. axb4 Nf6 17. Ng5 Nxd5 18. Nxd5 Qxg5 19. Nxc7 Nh4 20. Bg4 h5 21. g3
hxg4 22. Nxa8 gxh3 23. Kh1 Ng6 24. Rg1 Qf5 25. g4 Qe4+ 26. f3 Qc6 27. b5 Qc5
28. Qb3 Qf2 29. Be1 Qe3 30. Rc3 Qc5 31. Rd3 Be6 32. Qa3 Bxc4 33. Bb4 Qxb5 34.
Rxd6 Be2 35. Rxg6 Bxf3+ 36. Qxf3 Rxa8 37. Be7 Kf7 38. Qe4 1-0

[Event "Open Integrale Autunno"]
[Site "Milano ITA"]
[Date "2015.09.15"]
[Round "1"]
[White "Bonghi, Fabrizio"]
[Black "Maccari, Piergiuseppe"]
[WhiteElo "1471"]
[BlackElo "1831"]
[Result "0-1"]
[PlyCount "36"]
[EventDate "2015.09.15"]

1. d4 Nf6 2. c4 g6 3. Nc3 d5 4. cxd5 Nxd5 5. e4 Nxc3 6. bxc3 Bg7 7. e5 O-O 8.
Nf3 c5 9. Be2 Qa5 10. Bd2 Nc6 11. O-O Bg4 12. Qc2 Rfd8 13. Be3 Rac8 14. Qb3
cxd4 15. Bxd4 b6 16. Rfd1 Be6 17. Bc4 Bxc4 18. Qxc4 Nxd4 0-1

[Event "Open Integrale Autunno"]
[Site "Milano ITA"]
[Date "2015.09.15"]
[Round "1"]
[White "Colica, Daniele"]
[Black "Cantoro, Daniele"]
[WhiteElo "1660"]
[BlackElo "2130"]
[Result "0-1"]
[PlyCount "62"]
[EventDate "2015.09.15"]

1. e4 c5 2. Nf3 Nc6 3. d4 cxd4 4. Nxd4 g6 5. Nc3 Bg7 6. Be3 Nf6 7. h3 O-O 8.
Qd2 d5 9. Nxc6 bxc6 10. e5 Nd7 11. f4 e6 12. Bd3 Nxe5 13. fxe5 d4 14. Bf4 dxc3
15. Qxc3 Rb8 16. O-O-O Qb6 17. Be4 Bb7 18. Rd4 c5 19. Rc4 Bxe4 20. Rxe4 Rfd8
21. Rhe1 Rd4 22. Rxd4 cxd4 23. Qb3 Qc7 24. Qd3 Qa5 25. Re4 Qxa2 26. Rxd4 Qxb2+
27. Kd2 Qb6 28. Be3 Qa5+ 29. Ke2 Qxe5 30. Rd8+ Bf8 31. Kf3 Qf6+ 0-1

[Event "Open Integrale Autunno"]
[Site "Milano ITA"]
[Date "2015.09.15"]
[Round "1"]
[White "Del Frate, Walter"]
[Black "Alidosi, Marco"]
[WhiteElo "1461"]
[BlackElo "1759"]
[Result "1-0"]
[PlyCount "23"]
[EventDate "2015.09.15"]

1. e4 c5 2. Nc3 Nc6 3. f4 g6 4. Nf3 Bg7 5. Bb5 a6 6. Bxc6 bxc6 7. O-O d6 8. d3
Nh6 9. Qe1 O-O 10. f5 gxf5 11. Qh4 e5 12. Bg5 1-0

[Event "Open Integrale Autunno"]
[Site "Milano ITA"]
[Date "2015.09.15"]
[Round "1"]
[White "Mei, Gianluca"]
[Black "Figini, Vittorio"]
[WhiteElo "1843"]
[BlackElo "1473"]
[Result "1-0"]
[PlyCount "61"]
[EventDate "2015.09.15"]

1. e4 c5 2. Nc3 d6 3. g3 Nf6 4. Bg2 Nc6 5. d3 e6 6. f4 Be7 7. Nf3 a6 8. O-O Qc7
9. a4 O-O 10. h3 b6 11. g4 Bd7 12. d4 Rad8 13. Be3 Kh8 14. Qe2 Bc8 15. Rfd1
Rfe8 16. Qf2 Nb4 17. e5 Nfd5 18. Nxd5 Nxd5 19. c3 Nxe3 20. Qxe3 d5 21. Bf1 c4
22. Be2 f6 23. Rf1 Rf8 24. Bd1 Bd7 25. Bc2 Rg8 26. f5 Rde8 27. Qf2 Qd8 28. fxe6
fxe5 29. exd7 Ref8 30. Qg2 e4 31. Ne5 1-0

[Event "Open Integrale Autunno"]
[Site "Milano ITA"]
[Date "2015.09.15"]
[Round "1"]
[White "Mina, N. Mina"]
[Black "Silari, Andrea"]
[WhiteElo "2166"]
[BlackElo "1698"]
[Result "1-0"]
[PlyCount "37"]
[EventDate "2015.09.15"]

1. e4 c5 2. d4 cxd4 3. c3 dxc3 4. Nxc3 Nc6 5. Nf3 d6 6. Bc4 e6 7. O-O Be7 8.
Qe2 a6 9. Rd1 Qc7 10. Bf4 Ne5 11. Bb3 Nf6 12. Rac1 Qa5 13. Nxe5 dxe5 14. Bd2
Bb4 15. a3 Bxc3 16. Bxc3 Qb5 17. Bc4 Qc6 18. Bxe5 Qxe4 19. Bxf6 1-0

[Event "Open Integrale Autunno"]
[Site "Milano ITA"]
[Date "2015.09.15"]
[Round "1"]
[White "Mingolla, Patrizio"]
[Black "Bracci, Andrea"]
[WhiteElo "1641"]
[BlackElo "1918"]
[Result "0-1"]
[PlyCount "76"]
[EventDate "2015.09.15"]

1. e4 c5 2. Nf3 e6 3. d4 cxd4 4. Nxd4 Nf6 5. Nc3 d6 6. Be2 Be7 7. O-O a6 8. Be3
O-O 9. Kh1 Qc7 10. f4 Nc6 11. Bf3 Bd7 12. Qe2 b5 13. a3 Rac8 14. Rac1 Na5 15.
Nb1 Nc4 16. c3 Nxe3 17. Qxe3 Qc5 18. Qf2 e5 19. Ne2 Qxf2 20. Rxf2 Bc6 21. Nd2
Bd8 22. Rff1 Bb6 23. fxe5 dxe5 24. Ng3 g6 25. Rcd1 Rfd8 26. Nb3 Kg7 27. Nc1 Bb7
28. Nd3 Re8 29. Nb4 Rcd8 30. Nd5 Nxd5 31. exd5 f5 32. d6 e4 33. Nxf5+ gxf5 34.
Bh5 Rf8 35. d7 Rf6 36. Be8 f4 37. h3 e3 38. Rfe1 f3 0-1

[Event "Open Integrale Autunno"]
[Site "Milano ITA"]
[Date "2015.10.26"]
[Round "1"]
[White "Paolillo, Giampiero"]
[Black "Ceraulo, Carlo Alberto"]
[WhiteElo "1737"]
[BlackElo "1456"]
[Result "1-0"]
[PlyCount "47"]
[EventDate "2015.09.15"]

1. e4 c6 2. d4 d5 3. exd5 cxd5 4. c4 e6 5. Nc3 Nf6 6. Bg5 Be7 7. Nf3 Nc6 8. a3
O-O 9. c5 Qc7 10. Nb5 Qd8 11. b4 a6 12. Nc3 Ne4 13. Bxe7 Qxe7 14. Qc2 Nxc3 15.
Qxc3 f6 16. O-O-O Bd7 17. Bd3 e5 18. Rde1 Rae8 19. Bb1 Bg4 20. dxe5 fxe5 21.
Qd3 Bf5 22. Qxd5+ Qe6 23. Qxe6+ Rxe6 24. Ba2 1-0

[Event "Open Integrale Autunno"]
[Site "Milano ITA"]
[Date "2015.09.15"]
[Round "1"]
[White "Pasini, Nicolo'"]
[Black "Spada, Maurizio"]
[WhiteElo "1862"]
[BlackElo "1611"]
[Result "1-0"]
[PlyCount "41"]
[EventDate "2015.09.15"]

1. e4 e5 2. Nf3 Nf6 3. Nxe5 d6 4. Nf3 Nxe4 5. d4 d5 6. Bd3 Bd6 7. c4 c6 8. Qc2
O-O 9. O-O f5 10. Nc3 Bc7 11. cxd5 Nxc3 12. Qxc3 cxd5 13. Bg5 Qd6 14. Rfe1 Nc6
15. Bb5 Ba5 16. Be7 Qc7 17. Qc5 Re8 18. Qxd5+ Kh8 19. Bd6 Rxe1+ 20. Rxe1 Qd8
21. Ng5 1-0

[Event "Open Integrale Autunno"]
[Site "Milano ITA"]
[Date "2015.09.15"]
[Round "1"]
[White "Pelizzola, Danilo"]
[Black "La Fontana, Stefano"]
[WhiteElo "2041"]
[BlackElo "1655"]
[Result "1-0"]
[PlyCount "75"]
[EventDate "2015.09.15"]

1. e4 c5 2. Nf3 d6 3. d4 cxd4 4. Nxd4 Nf6 5. Nc3 a6 6. Be2 e5 7. Nb3 Be7 8. O-O
Be6 9. Be3 O-O 10. Qd2 Qc7 11. Rfd1 Nbd7 12. a4 Rfd8 13. Qe1 Rac8 14. a5 Nc5
15. Nd5 Nxd5 16. exd5 Bf5 17. Nxc5 dxc5 18. c4 Bd6 19. Ra3 h6 20. Qd2 f6 21. h3
Qf7 22. Bg4 Bxg4 23. hxg4 h5 24. Qe2 hxg4 25. Qxg4 f5 26. Qh3 Qg6 27. Bc1 e4
28. Rb3 Rd7 29. Rb6 Kf7 30. Bf4 Rcd8 31. Re1 Bxf4 32. Rxg6 Kxg6 33. g4 fxg4 34.
Qxg4+ Bg5 35. Rxe4 Kh6 36. f4 Bf6 37. f5 Kh7 38. Qg6+ 1-0

[Event "Open Integrale Autunno"]
[Site "Milano ITA"]
[Date "2015.09.15"]
[Round "1"]
[White "Tassini, Marco"]
[Black "Brisotto, Stefano"]
[WhiteElo "1813"]
[BlackElo "1465"]
[Result "1-0"]
[PlyCount "61"]
[EventDate "2015.09.15"]

1. e4 c5 2. Nc3 Nc6 3. f4 d6 4. Nf3 g6 5. d4 cxd4 6. Nxd4 e5 7. Nf3 Bg7 8. Bc4
Nf6 9. O-O O-O 10. fxe5 Qb6+ 11. Kh1 dxe5 12. Qe2 Bg4 13. Nb5 a6 14. Be3 Nd4
15. Bxd4 Bxf3 16. Bxb6 Bxe2 17. Bxe2 axb5 18. Bd3 Nd7 19. Be3 b4 20. Bd2 Rfc8
21. Bxb4 Nc5 22. Bc4 Nxe4 23. Bxf7+ Kh8 24. Bd5 Nc5 25. Rf7 Rab8 26. c3 b6 27.
Raf1 Nd3 28. Bd6 Rd8 29. Bxb8 Rxd5 30. Rc7 Nf2+ 31. Kg1 1-0

[Event "Open Integrale Autunno"]
[Site "Milano ITA"]
[Date "2015.09.17"]
[Round "2"]
[White "Alidosi, Marco"]
[Black "Bonghi, Fabrizio"]
[WhiteElo "1759"]
[BlackElo "1471"]
[Result "1-0"]
[PlyCount "33"]
[EventDate "2015.09.15"]

1. d4 f5 2. h3 e6 3. Bf4 d5 4. Nf3 Nf6 5. e3 Be7 6. Nbd2 Nbd7 7. Bd3 O-O 8. O-O
b6 9. Rc1 Bb7 10. Ng5 Ne4 11. Nxe6 Qc8 12. Nxf8 Bxf8 13. c4 c5 14. cxd5 Bxd5
15. Bc4 Ndf6 16. Nxe4 fxe4 17. dxc5 1-0

[Event "Open Integrale Autunno"]
[Site "Milano ITA"]
[Date "2015.09.17"]
[Round "2"]
[White "Bracci, Andrea"]
[Black "Arena, Ignazio"]
[WhiteElo "1918"]
[BlackElo "1490"]
[Result "1-0"]
[PlyCount "39"]
[EventDate "2015.09.15"]

1. e4 c5 2. Nf3 a6 3. d4 cxd4 4. Nxd4 Nf6 5. Nc3 e5 6. Nde2 Bb4 7. a3 Be7 8. h3
Nc6 9. g4 d6 10. Bg2 Be6 11. O-O O-O 12. Nd5 Rc8 13. Be3 Bxd5 14. exd5 Na5 15.
b3 b6 16. c4 Nb7 17. Ng3 Nc5 18. b4 Ncd7 19. Rc1 Re8 20. g5 1-0

[Event "Open Integrale Autunno"]
[Site "Milano ITA"]
[Date "2015.09.17"]
[Round "2"]
[White "Brisotto, Stefano"]
[Black "Colica, Daniele"]
[WhiteElo "1465"]
[BlackElo "1660"]
[Result "1-0"]
[PlyCount "71"]
[EventDate "2015.09.15"]

1. e4 Nf6 2. e5 Nd5 3. d4 d6 4. c4 Nb6 5. exd6 exd6 6. Nf3 Be7 7. Be2 O-O 8.
O-O Bg4 9. b3 Nc6 10. Bb2 d5 11. c5 Nc8 12. Nc3 Bf6 13. Ne5 Bxe2 14. Nxc6 Qd7
15. Nxe2 Qxc6 16. Qd3 Ne7 17. Rfe1 Rfe8 18. Nf4 g6 19. Re2 Bg5 20. Nh3 Bh6 21.
Bc1 Nf5 22. Bxh6 Rxe2 23. Qxe2 Nxh6 24. Qd2 Kg7 25. Re1 Re8 26. Rxe8 Qxe8 27.
Nf4 c6 28. Kf1 Nf5 29. Qd3 Qe7 30. Nh5+ Kh8 31. Ng3 Nh4 32. Qd2 Kg7 33. b4 Qf6
34. Qd3 Qg5 35. Qe3 Kf6 36. f4 1-0

[Event "Open Integrale Autunno"]
[Site "Milano ITA"]
[Date "2015.09.17"]
[Round "2"]
[White "Cantoro, Daniele"]
[Black "Paolillo, Giampiero"]
[WhiteElo "2130"]
[BlackElo "1737"]
[Result "1-0"]
[PlyCount "47"]
[EventDate "2015.09.15"]

1. d4 d5 2. Nf3 Nf6 3. c4 e6 4. Nc3 c6 5. e3 Be7 6. Qc2 Nbd7 7. Bd3 dxc4 8.
Bxc4 Nd5 9. a3 a5 10. O-O O-O 11. Bd3 h6 12. Bd2 Bd6 13. e4 Nxc3 14. Bxc3 Qe7
15. Nd2 e5 16. Nc4 exd4 17. Bxd4 Be5 18. Nxe5 Nxe5 19. Bc5 Qh4 20. Bxf8 Bh3 21.
f4 Nxd3 22. Qxd3 Bxg2 23. Kxg2 Rd8 24. Qg3 1-0

[Event "Open Integrale Autunno"]
[Site "Milano ITA"]
[Date "2015.09.17"]
[Round "2"]
[White "Ceraulo, Carlo Alberto"]
[Black "Mingolla, Patrizio"]
[WhiteElo "1456"]
[BlackElo "1641"]
[Result "0-1"]
[PlyCount "74"]
[EventDate "2015.09.15"]

1. d4 d5 2. c4 c6 3. Nc3 e6 4. Nf3 Nf6 5. Bg5 Be7 6. e3 Nbd7 7. cxd5 exd5 8.
Bd3 O-O 9. O-O Re8 10. Bf4 Nf8 11. Rc1 Ne6 12. Bg3 Nh5 13. Ne5 g6 14. h3 Nxg3
15. fxg3 Rf8 16. Nf3 Bf6 17. h4 Ng7 18. Nh2 Bf5 19. Bxf5 Nxf5 20. Ng4 Bg7 21.
Qf3 Qd6 22. Qf4 Qxf4 23. gxf4 h5 24. Ne5 Nxe3 25. Rfe1 Nf5 26. Rcd1 Rfe8 27.
Kf2 Nxh4 28. g3 Bxe5 29. fxe5 Nf5 30. Kf3 Re6 31. Ne2 Rae8 32. Nf4 R6e7 33. Ne2
f6 34. g4 hxg4+ 35. Kxg4 fxe5 36. dxe5 Ne3+ 37. Kg5 Rxe5+ 0-1

[Event "Open Integrale Autunno"]
[Site "Milano ITA"]
[Date "2015.09.17"]
[Round "2"]
[White "Ciciotti, Augusto"]
[Black "Figini, Vittorio"]
[WhiteElo "1846"]
[BlackElo "1473"]
[Result "1-0"]
[PlyCount "33"]
[EventDate "2015.09.15"]

1. d4 Nf6 2. c4 d6 3. Nc3 e6 4. Nf3 a6 5. g3 Bd7 6. Bg2 Nc6 7. O-O Rb8 8. d5
exd5 9. cxd5 Na7 10. e4 Bg4 11. Re1 Be7 12. Qd4 Nb5 13. Nxb5 axb5 14. e5 Bxf3
15. exf6 gxf6 16. Qxf6 Rg8 17. Bxf3 1-0

[Event "Open Integrale Autunno"]
[Site "Milano ITA"]
[Date "2015.09.17"]
[Round "2"]
[White "Colombo, Abner"]
[Black "Mei, Gianluca"]
[WhiteElo "1307"]
[BlackElo "1843"]
[Result "1/2-1/2"]
[PlyCount "60"]
[EventDate "2015.09.15"]

1. f4 e5 2. d3 Nc6 3. Nf3 d6 4. e4 Nf6 5. f5 d5 6. Nbd2 Bc5 7. c3 O-O 8. Nb3
Bb6 9. Qe2 dxe4 10. dxe4 Ng4 11. Bd2 Nf2 12. Bg5 Qd6 13. Rd1 Qxd1+ 14. Qxd1
Nxd1 15. Kxd1 Bf2 16. Bd3 h6 17. Bd2 Rd8 18. Ke2 Bb6 19. g4 f6 20. h4 Bd7 21.
g5 hxg5 22. hxg5 Kf7 23. Bc4+ Ke7 24. gxf6+ gxf6 25. Rh7+ Kd6 26. Rh6 Rf8 27.
Bg5 Ke7 28. Rh7+ Kd6 29. Rh6 Ke7 30. Rh7+ Kd6 1/2-1/2

[Event "Open Integrale Autunno"]
[Site "Milano ITA"]
[Date "2015.09.17"]
[Round "2"]
[White "Di Paola, Antonio"]
[Black "Pasini, Nicolo'"]
[WhiteElo "1699"]
[BlackElo "1862"]
[Result "0-1"]
[PlyCount "22"]
[EventDate "2015.09.15"]

1. d4 Nf6 2. c4 g6 3. Nc3 d5 4. Nf3 Bg7 5. Bg5 Ne4 6. Bf4 Nxc3 7. bxc3 dxc4 8.
Qa4+ Nd7 9. Qxc4 c5 10. e3 Qa5 11. Qb5 Qxc3+ 0-1